000 00489nam a22001697a 4500
005 20251108175630.0
008 250721s2003 xx 000 0 ara d
082 1 4 _aم/811.2/ذؤي
100 1 _aابو ذؤيب الهذلي،
245 1 0 _aديوان أبي ذؤيب الهذلي /
264 1 _aبيروت :
_bدار صادر،
_c2003.
300 _a253ص.
650 1 7 _aالشعر العربي
650 1 7 _aعصر صدر الاسلام
942 _2ddc
_cREF
999 _c138728
_d138728